| 000 | 00886nam a22002777a 4500 | ||
|---|---|---|---|
| 003 | CHAP | ||
| 005 | 20220329133736.0 | ||
| 008 | 971013s1989 r 10010 d | ||
| 010 | _a10213 | ||
| 011 | _a11185 | ||
| 035 | _a10423 | ||
| 040 | _cCHAP | ||
| 082 |
_a638.12 _bI58 1988 |
||
| 111 | 0 | 0 |
_aInternational Conference on Apiculture in Tropical Climates ( _n4 _d: 1988 _c: Cairo,Egipto) _959597 |
| 245 | _aProceedings | ||
| 260 |
_aLondon : _bIBRA, _c1989 |
||
| 300 | _a529 p | ||
| 590 |
_aBATCH-UPD _b10 _c20130110 _lUCH01 _h0140 |
||
| 590 |
_aBATCH-UPD _b10 _c20130110 _lUCH01 _h2141 |
||
| 590 |
_aCONVERSION _b10 _c20130109 _lUCH01 _h1307 |
||
| 650 | 1 | 4 |
_aApicultura _xCongresos. _96253 |
| 710 | 0 |
_aInternational Bee Research Association. _959551 |
|
| 901 | _aBK | ||
| 942 | _cLIBRO | ||
| 949 |
_a638.12 I58 1988 _bBC _cLIBRO _d33724000094934 _eLIBRO _gI. 169925 _h85347 _i10423 _si _t186.92 |
||
| 999 |
_c10213 _d10213 |
||